Statistics for NHL Hockey 600 Goal Club

Click here to take the quiz!

General Stats

  • This quiz has been taken 33,489 times
    (15,571 since last reset)
  • The average score is 11 of 20

Answer Stats

GoalsPlayer% Correct
894Wayne Gretzky
99%
801Gordie Howe
86%
822Alex Ovechkin
84%
690Mario Lemieux
80%
766Jaromír Jágr
78%
610Bobby Hull
70%
741Brett Hull
70%
694Mark Messier
64%
692Steve Yzerman
52%
684Teemu Selänne
50%
717Phil Esposito
48%
601Jari Kurri
47%
625Joe Sakic
45%
731Marcel Dionne
43%
625Jarome Iginla
34%
668Luc Robitaille
34%
708Mike Gartner
29%
656Brendan Shanahan
28%
640Dave Andreychuk
21%
608Dino Ciccarelli
18%

Score Distribution

Percentile by Number Answered

Percent of People with Each Score

Your Score History

You have not taken this quiz since the last reset